| 000 | 00499nam a22001817a 4500 | ||
|---|---|---|---|
| 005 | 20180502104016.0 | ||
| 010 | _aENG-122845 | ||
| 020 |
_a9789386702272 _c299.00 |
||
| 035 | _aEN-106377 | ||
| 037 | _bDBAD/PUB | ||
| 082 | _aN | ||
| 100 | _aAntony, Shinie | ||
| 245 |
_aThe girl who couldn't love / _cby Shinie Antony |
||
| 260 |
_aNew Delhi _bSpeaking Tiger _c2017 |
||
| 270 |
_a4381/4, Ansari Road, Daryaganj, _bNew Delhi _e110002 |
||
| 300 |
_a167p. _c21cm(pbk) |
||
| 942 |
_2ddc _cEN _mANT _hN |
||
| 999 |
_c151818 _d151818 |
||